000 01128nam a2200301 4500
001 0000013659
003 CO-CtgCURN
005 20260203193104.0
007 ta
008 160627s1991 000 0 eng d
020 _a8485725114
040 _aCO-CtgCURN
_bspa
_ccoctgcurn
082 0 _a345.861
_bL579
100 1 _aLeon Mendoza, Victor.
245 1 0 _aDerecho penal general /
_cVictor Leon Mendoza.
250 _a3a. ed., corregida, aumentada y actualizada, conforme al nuevo Código penal colombiano.
260 _aBogotá :
_bTemis,
_c1991.
300 _axxvi, 225 p.
336 _2rdacontent
337 _2rdamedia
_asin mediacion
_bn
338 _2rdacarrier
_avolumen
_bnc
504 _aIncluye bibliografia (p. 225)
505 8 _aEl derecho penal. Su ubicacion entre las disciplinas juridicas y las criminologicas. Su evolucion cientifica y su historia -- De la ley penal -- Del hecho punible -- De la punibilidad
650 1 4 _aDerecho penal
_vLegislacion
_zColombia.
908 _a160627
942 _cBK
_h345.861
_iL579
_2ddc
_n0
999 _c19295
_d19295